|
|
|
|
| LEADER |
00894cam a2200205 7i4500 |
| 001 |
0000031028 |
| 005 |
20140320090000.0 |
| 020 |
0 |
0 |
|a 9781619252509
|
| 090 |
0 |
0 |
|a USA 016.65025
|b DIR
|
| 245 |
0 |
4 |
|a The directory of business information resources 2014.
|
| 250 |
0 |
0 |
|a 21st ed.
|
| 260 |
0 |
0 |
|a New York:
|b Grey House Publishing,
|c 2014.
|
| 300 |
# |
# |
|a 1900 p.
|
| 650 |
0 |
0 |
|a Trade shows --
|x Directories --
|z United States of America
|
| 650 |
0 |
0 |
|a Business information services --
|x Directories --
|z United States of America
|
| 650 |
0 |
0 |
|a Reference books --
|x Business --
|x Bibliography --
|z United States of America
|
| 650 |
0 |
0 |
|a Business --
|x Databases --
|x Directories --
|z United States of America
|
| 650 |
0 |
0 |
|a Associations, institutions, etc --
|x Directories --
|z United States of America
|
| 651 |
0 |
0 |
|a United States of America
|
| 999 |
|
|
|a B000034304
|b Directories
|c Countries
|e Business Information Centre
|